000 00650nam a2200205 i 4500
001 bg
100 1 _aWALCZAK, Władysław
245 0 _aPodstawy obliczeń prętów cienkościennych /
_cWładysław Walczak.
260 _aŁódź :
_bPŁ,
_c1993.
300 _a254, [1] s. :
_brys., wykr. ;
_c21 cm.
490 1 _aSkrypty dla Szkół Wyższych / Politechnika Łódzka
504 _aBibliogr. s. 255.
710 _aPolitechnika Łódzka (Łódź)
830 0 _aSkrypty dla Szkół Wyższych (Politechnika Łódzka)
040 _cBPK
041 _apol
080 _a624.01/.07(075.8)
942 _cKS
008 s pl f |000 0 pol
999 _c6533
_d6533
856 _uhttp://koha.tu.koszalin.pl/cgi-bin/koha/opac-detail.pl?biblionumber=6533
_yKatalog online BPK